000 00794nam a22002657a 4500
001 BR7907686
003 BR-BrBNA
005 20230928090311.0
007 ta
008 230509b bl.||||| |||| 00| 0 por d
040 _aBR-BrBNA
_bpor
_cBiblioteca Nacional de Agricultura
041 _a(Por)
072 _aF00; L00; E15
_b/G514
090 _ F00 BR7907686
110 1 _aSecretaria de Estado da Agricultura, Curitiba, PR (Brasil). Grupo de Planejamento Setorial
_98831
245 1 _aPerfil agropecuario dos nucleos regionais [Parana, Brasil]
260 3 _aCuritiba, PR (Brasil):
_c1979.
300 _a163 p.
500 _aNumerical data
650 _aANALISE ECONOMICA
650 _aESTATISTICA AGRICOLA
650 _aPARANA
909 _a202309
_bLucia
_c55
_dLucia Elande
942 _cBK
999 _c28357
_d28357